000 00595nam a22001817i 4500
999 _c23167
_d23167
003 AR-CdUCM
008 250120b20162016 pe||||| |||| 00| 0 spa d
040 _aMUNICIPALIDAD PROVINCIAL DEL CUSCO
_cBIBLIOTECA MUNICIPAL DEL CUSCO
041 _hspa
082 _a869.56 / R63S
_bR63S
100 _aRíos Zamalloa, Jorge
_92949
245 _aSíndrome /
260 _aCusco :
_c2016
300 _a118 páginas. :
_c20x15 cm.
505 _aDestrucción de lo inexorable -- Ignorado -- El precisar del futuro -- Da ganas de vivir -- Viva la vida
942 _2ddc
_cLIBROS
945 _apbjr
_d20-01-2025